Strategie úspěšného podniku - symbióza kreativity a disciplíny

Úlohou manažérov a podnikateľov je previesť podnik všetkými úskaliami globálneho, konkurenčného a turbulentného sveta, zabezpečiť pre podnik efektívne zákazky, úspešne uspokojiť svojich zákazníkov, získať dostatočné zdroje na mzdy zamestnancov a vytvoriť dostatočný zisk pre rozvoj podniku. Dosiahnuť...

Descrizione completa

Salvato in:
Dettagli Bibliografici
Autore principale: Souček, Zdeněk
Natura: Capitolo di libro
Lingua:ceco
Soggetti:
Tags: Aggiungi Tag
Nessun Tag, puoi essere il primo ad aggiungerne!!

MARC

LEADER 00000naa a2200000 4500
001 0207538
005 20231211122504.9
041 0 |a cze 
044 |a CZ 
245 1 0 |a Strategie úspěšného podniku - symbióza kreativity a disciplíny  |c Zdeněk Souček 
520 |a Úlohou manažérov a podnikateľov je previesť podnik všetkými úskaliami globálneho, konkurenčného a turbulentného sveta, zabezpečiť pre podnik efektívne zákazky, úspešne uspokojiť svojich zákazníkov, získať dostatočné zdroje na mzdy zamestnancov a vytvoriť dostatočný zisk pre rozvoj podniku. Dosiahnuť to nie je možné bez unikátnej stratégie podniku. 
610 2 0 |a riadenie podnikové 
610 2 0 |a riadenie strategické 
610 2 0 |a riadenie operatívne 
610 2 0 |a stratégia podniková 
610 2 0 |a konkurencieschopnosť 
610 2 0 |a produkty 
610 2 0 |a kreativita 
610 2 0 |a lídri 
610 2 0 |a disciplína pracovná 
100 1 |a Souček, Zdeněk